| 000 | 00658nam a22002057a 4500 | ||
|---|---|---|---|
| 008 | 230913b ag ao|||||||| 00| 0 spa d | ||
| 020 | _a9789872032494 | ||
| 040 | _aAR-FvUNAJ | ||
| 082 | 1 | 4 |
_214 _a323 |
| 110 | 2 |
_94900 _aCentro de Estudios Legales y Sociales. |
|
| 245 | 1 | 0 |
_aClínica jurídica = _blegal clinic / _cCentro de Estudios Legales y Sociales |
| 250 | _a1ª ed. | ||
| 260 |
_aBuenos Aires : _bCELS, _c2013 |
||
| 300 |
_a80 p. : _bfotos |
||
| 500 | _aTraducción: Paula Arturo | ||
| 650 | 2 | 7 |
_2unescot _91105 _aDERECHOS HUMANOS |
| 650 | 2 | 7 |
_2unescot _94286 _aFORMACIÓN PROFESIONAL |
| 942 |
_2ddc _cLIBRO |
||
| 980 |
_621568 _a Nuñez _821574 _g Carrizo |
||
| 999 |
_c9152 _d9152 |
||